LEADER 00742nam a2200205 i 4500 001 000000034835 003 CaOOAMICUS 005 20030930000000.0 008 030930n fr u000 u lat u 013 $a1987 020 $a2-204-03030-9 040 $aSeMil$bita 245 10$aTome 1. 490 0 $aSources Chrétiennes ;$vN°353. 773 0 $tCanons des conciles mérovingiens (6.-7. siècles).$dParis : Les Éditions du Cerf, 1989.$w()10048 830 0$aSources chrétiennes ;$vN°353.$0(OLS)http://semarc/title/72 850 $aSeMil 852 $aSeMil$W1$xVenegono$y1$mSL1.T VII 353$j990$B990$CSeMilBibl$Z2$F990 $8I 996 $6020$a2-204-03030-9$9(OLS)http://semarc/number/2768 996 $6245$aTome 1$9(OLS)http://semarc/title/1447 LEADER 01200nam a2200229 i 4500 001 000000203011 003 CaOOAMICUS 005 20110610000000.0 008 110610s1965 it u000 u fre u 013 $a181723 040 $aSeMil$bita 100 1 $aMusset, Lucien.$0(OLS)http://semarc/name/39330 245 14$aLes Invasions :$bLe second assaut contre l'Europe Chrétienne (7.-11. siècles) /$cpar Lucien Musset. Chargé d'enseignement à la Faculté des Lettres et Sciences humaines de Caen Ancien pensionnaire de la Fondation Thiers. 260 $aParis :$bPresses Universitaires de France,$ccopyr. 1965. 300 $a297 p. :$bill. ;$c19 cm. 490 0 $aNouvelle Clio : l'Histoire et ses problèmes ;$vN.12.bis 650 4$aEuropa - Storia religiosa.$0(OLS)http://semarc/subject/5288 830 0$aNouvelle Clio ;$vN.12.bis.$0(OLS)http://semarc/title/15973 850 $aSeMil 852 $aSeMil$W1$xVenegono$y1$m3V V 147$j153507$B153507$CSeMilBibl$Z2$F164440 $81 996 $6245$aLes Invasions :$bLe second assaut contre l'Europe Chrétienne (7.-11. siècles)$9(OLS)http://semarc/title/293874 996 $6260$aParis :$bPresses Universitaires de France$9(OLS)http://semarc/publisher/30047